| 000 | 00906nam a2200277Ia 4500 | ||
|---|---|---|---|
| 003 | GCL | ||
| 005 | 20240530094916.0 | ||
| 008 | 140319s9999 xx 000 0 ara d | ||
| 020 | _a7195069960 | ||
| 040 |
_aGCL / _cGCL |
||
| 082 | 0 | 4 |
_a669.141 _bا س |
| 100 | 1 | _aاحمد فؤاد راشد | |
| 245 | 1 | 0 |
_aاسس سبك المعادن / _cاحمد فؤاد راشد |
| 260 |
_aالرياض : _bمركز النشر العلمي لجامعة الملك عبدالعزيز ، _c1999 |
||
| 300 |
_a657 ص ؛ _c22 سم |
||
| 650 | 0 | 4 | _aالمعادن |
| 650 | 0 | 4 | _aالحديد |
| 650 | 0 | 4 | _aالصلب |
| 650 | 0 | 4 | _aالمواد الخام |
| 650 | 0 | 4 | _aاشعال المعادن |
| 650 | 0 | 4 | _aالمعادن - صناعة وتجارة |
| 700 | 1 | _aتوفيق توفيق الميدانى | |
| 700 | 1 | _aمحمد على منصور | |
| 700 | 1 | _aمحمد يحيى الملكى | |
| 942 |
_2ddc _cBK |
||
| 999 |
_c2263 _d2263 |
||